Statistics for MCU Movies By Hint

Click here to take the quiz!

General Stats

  • This quiz has been taken 116 times
  • The average score is 14 of 15

Answer Stats

HintAnswer% Correct
Hero named after an insectAnt-Man
99%
Set During World War 2Captain America
99%
God of ThunderThor
99%
First MCU movie (release date)Iron Man
98%
About a space-thief who likes musicGuardians of the Galaxy
96%
Loki brings aliens to earthThe Avengers
96%
Insect-hero sequelAnt-Man and the Wasp
94%
Space-faring superhero womanCaptain Marvel
90%
God of thunder but even newerThor: Ragnarok
90%
"Time travel!"Endgame
88%
"I saw 14,000,605 futures"Infinity War
84%
God of Thunder, but newerThor: The Dark World
82%
The Avengers duke it outCaptain America: Civil War
81%
Spidey goes to Washington D.C.Homecoming
81%
Spidey goes to EuropeFar From Home
79%

Score Distribution

Percentile by Number Answered

Percent of People with Each Score

Your Score History

You have not taken this quiz